Normal view
MARC view
- Kinnaman, Laura
Entry Personal Name
001 - CONTROL NUMBER
- control field: 110638
003 - CONTROL NUMBER IDENTIFIER
- control field: NUST
005 - DATE AND TIME OF LATEST TRANSACTION
- control field: 20230320122308.0
008 - FIXED-LENGTH DATA ELEMENTS
- fixed length control field: 230320|| aca||aabn | a|a d
040 ## - CATALOGING SOURCE
- Original cataloging agency: NUST
- Transcribing agency: NUST
100 ## - HEADING--PERSONAL NAME
- Personal name: Kinnaman, Laura
670 ## - SOURCE DATA FOUND
- Source citation: Work cat.: (NUST)0: Fleisch, Daniel A., author. 74220, A student's guide to waves /
